The land systems of British India : (Record no. 34799)
[ view plain ]
| 000 -LEADER | |
|---|---|
| fixed length control field | 01058nam a2200253 a 4500 |
| 001 - CONTROL NUMBER | |
| control field | 34799 |
| 003 - CONTROL NUMBER IDENTIFIER | |
| rucl marc code | BD-RjUL |
| 005 - DATE AND TIME OF LATEST TRANSACTION | |
| control field | 20211209052219.0 |
| 008 - FIXED-LENGTH DATA ELEMENTS--GENERAL INFORMATION | |
| fixed length control field | 190330m1892 uk a b 001 0 eng |
| 035 ## - SYSTEM CONTROL NUMBER | |
| System control number | (BD-RjUL)34893 |
| 040 ## - CATALOGING SOURCE | |
| Original cataloging agency | DLC |
| Transcribing agency | DLC |
| Modifying agency | DLC |
| -- | BD-RjUL |
| Language of cataloging | eng |
| 041 ## - LANGUAGE CODE | |
| Language code of text/sound track or separate title | eng |
| 082 ## - DEWEY DECIMAL CLASSIFICATION NUMBER | |
| Classification number | 333.320954 |
| Author mark and year | BAL V-1-3(BK-1-4) 1892 |
| Edition number | 23 |
| 100 1# - MAIN ENTRY--PERSONAL NAME | |
| Personal name | Baden-Powell, B. H. |
| 9 (RLIN) | 229834 |
| 245 10 - TITLE STATEMENT | |
| Title | The land systems of British India : |
| Remainder of title | being a manual of the land-tenures and of the systems of land-revenue administration prevalent in the several provinces / |
| Statement of responsibility, etc. | by B. H. Baden-Powell |
| 260 ## - PUBLICATION, DISTRIBUTION, ETC. (IMPRINT) | |
| Place of publication, distribution, etc. | Oxford : |
| Name of publisher, distributor, etc. | Clarendon Press, |
| Date of publication, distribution, etc. | 1892. |
| 300 ## - PHYSICAL DESCRIPTION | |
| Pagination | 3 v. : |
| Illustrations | ill. ; |
| Size | 22 cm. |
| 500 ## - GENERAL NOTE | |
| General note | "With Maps" |
| 504 ## - BIBLIOGRAPHY, ETC. NOTE | |
| Bibliography, etc | Includes bibliographical references and index. |
| 505 1# - FORMATTED CONTENTS NOTE | |
| Formatted contents note | Vol. 1. book, I. General. book II. Bengal. -- v. 2. book III, The system of village or Mahรกl settlements -- v. 3. book IV, The raiyatwari and allied systems. -- |
| 650 ## - SUBJECT ADDED ENTRY--TOPICAL TERM | |
| Topical term or geographic name as entry element | Land tenure |
| Geographic subdivision | India. |
| 9 (RLIN) | 229835 |
| Topical term or geographic name as entry element | Real property tax |
| Geographic subdivision | India. |
| 9 (RLIN) | 229836 |
| 942 ## - ADDED ENTRY ELEMENTS (KOHA) | |
| Source of classification or shelving scheme | Dewey Decimal Classification |
| Koha item type | Rare Books |
| Lost status | Source of classification or shelving scheme | Damaged status | Not for loan | Collection code | Permanent Location | Current Location | Shelving location | Date acquired | Source of acquisition | Cost, normal purchase price | Total Checkouts | Full call number | Date last seen | Copy number | Koha item type |
|---|---|---|---|---|---|---|---|---|---|---|---|---|---|---|---|
| Dewey Decimal Classification | Not For Loan | Rare Books | Central Library, University of Rajshahi | Central Library, University of Rajshahi | Rare Book Section | 28/07/1955 | O. U. P. | 24.00 | RA 333.320954 BAL V-3(BK-4) 1892 | 30/03/2019 | C-1 | Rare Books | |||
| Dewey Decimal Classification | Not For Loan | Rare Books | Central Library, University of Rajshahi | Central Library, University of Rajshahi | Rare Book Section | 11/04/2019 | RA 333.320954 BAL V-1(BK-1-2) 1892 | 11/04/2019 | C-1 | Rare Books | |||||
| Dewey Decimal Classification | Not For Loan | Rare Books | Central Library, University of Rajshahi | Central Library, University of Rajshahi | Rare Book Section | 11/04/2019 | RA 333.320954 BAL V-2(BK-3) 1892 | 11/04/2019 | C-1 | Rare Books |